00677nam a2200193Ia 4500952014900000999001500149003000400164005001700168008004100185020001800226040000900244082001700253100002200270245007500292260005300367300000900420650001400429942004000443 00102ddc40708CHEMISTRYaMESbMEScCHEd2019-02-20g275.00l5m8o547.2 NAR/Fp37668r2024-08-02 11:44:12s2024-07-18w2019-02-20yBKzGL29R3 c3599d3599OSt20200814141457.0190216s9999||||xx |||||||||||||| ||und|| a9788120341791 coclc a547.2bNAR/F aNarain, R P94142 0aFundamentals Of Reaction Mechanisms In Organic Chemistry /cR P Narain bPhi Learning Private Limited,c2011.aNew Delhi: a265p aChemistry cBK2ddch547.2iNAR/Fk547.2mNAR/F